<?xml version='1.0' encoding='UTF-8'?>
  <record xmlns="http://www.loc.gov/MARC21/slim">
    <leader>00000cem a2200000 i 4500</leader>
    <controlfield tag="001">ocn902704326</controlfield>
    <controlfield tag="003">OCoLC</controlfield>
    <controlfield tag="005">20250201023502.2</controlfield>
    <controlfield tag="007">au auuun</controlfield>
    <controlfield tag="008">150202s1597    gw        u     0   und d</controlfield>
    <datafield tag="040" ind1=" " ind2=" ">
      <subfield code="a">NLGGC</subfield>
      <subfield code="b">dut</subfield>
      <subfield code="e">fobidrtb</subfield>
      <subfield code="c">NLGGC</subfield>
      <subfield code="d">QGJ</subfield>
      <subfield code="d">OCLCL</subfield>
      <subfield code="d">OCLCQ</subfield>
    </datafield>
    <datafield tag="035" ind1=" " ind2=" ">
      <subfield code="a">(OCoLC)902704326</subfield>
    </datafield>
    <datafield tag="084" ind1=" " ind2=" ">
      <subfield code="a">74.20</subfield>
      <subfield code="2">bcl</subfield>
    </datafield>
    <datafield tag="100" ind1="1" ind2=" ">
      <subfield code="a">Nagel, Henricus.</subfield>
    </datafield>
    <datafield tag="245" ind1="1" ind2="0">
      <subfield code="a">Hollandia /</subfield>
      <subfield code="c">Henricus Nagel fecit.</subfield>
    </datafield>
    <datafield tag="255" ind1=" " ind2=" ">
      <subfield code="a">Schaal [ca. 1:700.000].</subfield>
    </datafield>
    <datafield tag="260" ind1=" " ind2=" ">
      <subfield code="a">[Keulen] :</subfield>
      <subfield code="b">Joan Bussemchr [!] exc.,</subfield>
      <subfield code="c">[1597]</subfield>
    </datafield>
    <datafield tag="300" ind1=" " ind2=" ">
      <subfield code="a">1 krt. :</subfield>
      <subfield code="b">koperdiepdruk. ;</subfield>
      <subfield code="c">19 x 28 cm.</subfield>
    </datafield>
    <datafield tag="336" ind1=" " ind2=" ">
      <subfield code="a">cartografische afbeelding</subfield>
      <subfield code="b">cri</subfield>
      <subfield code="2">rdacontent/dut</subfield>
    </datafield>
    <datafield tag="337" ind1=" " ind2=" ">
      <subfield code="a">zonder medium</subfield>
      <subfield code="b">n</subfield>
      <subfield code="2">rdamedia/dut</subfield>
    </datafield>
    <datafield tag="338" ind1=" " ind2=" ">
      <subfield code="a">vel</subfield>
      <subfield code="b">nb</subfield>
      <subfield code="2">rdacarrier/dut</subfield>
    </datafield>
    <datafield tag="500" ind1=" " ind2=" ">
      <subfield code="a">Oorspr. verschenen in: Cosmographia. Das ist: ein schöne richtige und volkomliche Beschreibung dess Gottlichen Geschopffs Himmels und der Erde / den ehrwirdigen und wolgelährten Herrn Johann Rauwen [...]. - Getruckt zu Franckfort am Mayn : durch Nicloaum Bassaeum, 1597 (556 ('Beschreibung M. Johann Rauw'; keerzijde: 'Von Hollandt 555')).</subfield>
    </datafield>
    <datafield tag="500" ind1=" " ind2=" ">
      <subfield code="a">Cartouche rechtsboven met beschrijving van Holland, overgenomen van de kaarten uit 1565 en 1578 van Gerard de Jode: 'Hollandia quae olim Batavia antiqua Catthorum sedes, undique fere cingitur mari, praeterquam qua Rheno, et Mosa fluminibus ad orientem et meridiem à continenti sejungtitur: cuius mediterranea fluminibus rivisque ubique fere irrigantur et foecunda ultra quam dici possit reddunt, adeo ut agrorum fertilitate nulli regioni cedat'. Vertaald betekent dit: 'Holland (voorheen Batavia) oudtijds woonplaats van de Catten, is bijna aan alle zijden omgeven door de zee, behalve waar het door de rivieren de Rijn en de Maas in het oosten en het zuiden van het vasteland is gescheiden. Het binnenland wordt bijna overal door de rivieren en beken geïrrigeerd en buitengewoon vruchtbaar gemaakt, zodat de akkers in vruchtbaarheid voor geen streek onderdoen'. Rechtsonder een toeschrijving aan Tramezini: 'Ad exemplar descriptinis quam edidit Romae Mich. Tramesmi [!] nunc castigation prostant'. In de Noordzee is de Brittenburg met 'Thuis to Bretaigne' aangeduid: 'Armentarij sive Castri Britannici ruinarum forma qua ao 1520 1532 et 1562 in littore oceni non longe ab urbe Leyda extare visae sunt'. Op de keerzijde een Duitse typografische tekst.</subfield>
    </datafield>
    <datafield tag="510" ind1="0" ind2=" ">
      <subfield code="a">Blonk 21g</subfield>
    </datafield>
    <datafield tag="651" ind1=" " ind2="7">
      <subfield code="a">Holland.</subfield>
      <subfield code="0">(NL-LeOCL)078535999.</subfield>
      <subfield code="2">gtt</subfield>
    </datafield>
    <datafield tag="655" ind1=" " ind2="7">
      <subfield code="a">Kaarten (vorm)</subfield>
      <subfield code="0">(NL-LeOCL)088143554.</subfield>
      <subfield code="2">gtt</subfield>
    </datafield>
    <datafield tag="856" ind1="4" ind2="1">
      <subfield code="u">http://objects.library.uu.nl/reader/resolver.php?obj=002196863&amp;type=2</subfield>
      <subfield code="x">Online</subfield>
      <subfield code="z">Full image</subfield>
    </datafield>
    <datafield tag="936" ind1=" " ind2=" ">
      <subfield code="a">BATCHLOAD</subfield>
    </datafield>
  </record>